01389 2200349 4500001002100000005001500021035002000036008004100056020000900097041000800106082001000114084001600124100001800140245009700158250001100255260003800266300003100304500003500335504001200370520033200382650002300714700006800737990002600805990002600831990002600857990002600883990002600909990002600935990002600961990002600987990002601013INLIS00000000000113920221112103128 a0010-0520001139221112 | | ind  a1693 aind a658.4 a658.4 YOU p0 aYoung, Arthur1 aPedoman Kerja Manajer :bPanduan Praktis untuk Manajeman yang Sukses Jilid I /cArthur Young acet.2. bPT. Pustaka Binaman Pressindo,c- aX,215 HLM.; 24 CM ;c24 CM aIndeks : SERI MANAJEMEN NO.82A aI.JUDUL aBuku ini tidak menjelaskan teori manajemen, melainkan terutama menggambarkan kehidupan yang sebenarnya dari sudut pandang manajer. Dalam buku ini diberikan ilustrasi yang menarik, serta petunjuk konkret dan praktis untuk membimbing kehidupan bisnis Anda secara lebih positif dan untuk menjadikan anda sebagai manajer yang baik. 4aManajemen pimpinan0 aInstitut Pendidikan dan Pembinaan Manajemen (IPPM) [penerjemah] a03293/MKRI-P/III-2006 a01676/MKRI-P/VII-2007 a03294/MKRI-P/III-2006 a03293/MKRI-P/III-2006 a01676/MKRI-P/VII-2007 a03294/MKRI-P/III-2006 a03294/MKRI-P/III-2006 a03293/MKRI-P/III-2006 a01676/MKRI-P/VII-2007